أصول الفكر والبحث العلمي : (رقم التسجيلة. 80104)
[ عرض عادي ]
| 000 -الفاتح | |
|---|---|
| عناصر البيانات ثابتة الطول | 00697cam a2200181 i 4500 |
| 005 - تاريخ ووقت آخر معاملة | |
| حقل ضبط | 20251108172452.0 |
| 008 - عناصر البيانات ثابتة الطول | |
| عناصر البيانات ثابتة الطول | 250721s2000 ua gr 000 0 ara d |
| 082 14 - رقم تصنيف ديوي العشري | |
| رقم التصنيف | 001.42 |
| رقم المادة | ش ن ب |
| 100 1# - مدخل رئيسي – اسم شخصي | |
| الاسم الشخصي | أبو شنب، جمال محمد |
| علاقة الشخص بالعمل/ دوره | مؤلف. |
| 245 10 - بيان العنوان | |
| العنوان | أصول الفكر والبحث العلمي : |
| بقية العنوان | نماذج تطبيقية للتصميم والتنفيذ التجريبي / |
| بيان المسؤولية | دكتور جمال محمد أبو شنب. |
| 260 ## - بيانات النشر، التوزيع…إلخ | |
| تاريخ النشر، التوزيع...إلخ | . |
| 264 31 - بيانات النشر، التوزيع…إلخ | |
| مكان النشر، التوزيع...إلخ | مصر : |
| اسم الناشر، الموزع...إلخ | دار المعرفة الجامعية، |
| تاريخ النشر، التوزيع...إلخ | 2000. |
| 300 ## - الوصف المادي | |
| عدد الوحدات المكونة للوعاء | 217 صفحة. |
| 650 17 - مدخل إضافي بالموضوع - مصطلح موضوعي | |
| مصطلح موضوعي أو اسم جغرافي كعنصر مدخل | البحث العلمي. |
| 650 17 - مدخل إضافي بالموضوع - مصطلح موضوعي | |
| مصطلح موضوعي أو اسم جغرافي كعنصر مدخل | أساليب البحث العلمي. |
| 942 ## - بيانات إضافية (كوها) | |
| نوع التنصيف | Dewey Decimal Classification |
| نوع المادة (كوها) | كتب |
| حالة السحب | حالة الفقدان | مصدر التصنيف | حالة التلف | غير قابل للإعارة | المكتبة الرئيسية | المكتبة الحالية | موقع الرف | تاريخ التزويد | الرقم المتسلسل | Total Checkouts | رقم الإستدعاء | الباركود | تاريخ آخر ظهور | تاريخ الفاتورة | نوع المادة (كوها) |
|---|---|---|---|---|---|---|---|---|---|---|---|---|---|---|---|
| Dewey Decimal Classification | المكتبة المركزية | المكتبة المركزية | الإعارة | 28/07/2025 | 1627662 | 001.42 ش ن ب | PLD00394013 | 28/07/2025 | 28/07/2025 | كتب |